[Event "BdF-Smaragd 07 email"]
[Site "GER email"]
[Date "2016.06.26"]
[Round "?"]
[White "Babulova, Mariola"]
[Black "Levandovska, Vira"]
[Result "1/2-1/2"]
[WhiteElo "2224"]
[BlackElo "2199"]
[PlyCount "74"]
[EventDate "2016.??.??"]
[EventType "tourn (corr)"]
[EventRounds "16"]
[EventCountry "GER"]
[SourceTitle "Corr 2017"]
[Source "ChessBase"]
[SourceDate "2017.09.19"]
[SourceVersion "1"]
[SourceVersionDate "2017.09.19"]
[SourceQuality "1"]

1. e4 c5 2. Nf3 d6 3. d4 cxd4 4. Nxd4 Nf6 5. f3 e5 6. Nb3 Be7 7. c4 a5 8. Be3 Be6 9. Nc3 a4 10. Nc1 a3 11. b3 Nc6 12. Qd2 0-0 13. Nd5 Nd7 14. Nxe7+ Qxe7 15. Bd3 Nc5 16. 0-0 f5 17. exf5 Nxd3 18. Nxd3 Bxf5 19. Rad1 Qe6 20. Nb4 Rad8 21. Nd5 Rf7 22. Bb6 Rdd7 23. Qc1 Qg6 24. Qxa3 h5 25. Qb2 Ne7 26. Nxe7+ Rdxe7 27. Qd2 d5 28. Bc5 Rd7 29. cxd5 Bc2 30. Rc1 Bd3 31. Rf2 Rxd5 32. a4 Rfd7 33. Qe3 h4 34. Bb4 h3 35. Be1 Bf5 36. g3 Qf6 37. Re2 Rf7 1/2-1/2

[Event "BdF-Smaragd 07 email"]
[Site "GER email"]
[Date "2016.06.26"]
[Round "?"]
[White "Ismayilova, Aida"]
[Black "Babulova, Mariola"]
[Result "1-0"]
[WhiteElo "2207"]
[BlackElo "2224"]
[PlyCount "85"]
[EventDate "2016.??.??"]
[EventType "tourn (corr)"]
[EventRounds "16"]
[EventCountry "GER"]
[SourceTitle "Corr 2020"]
[Source "ChessBase"]
[SourceDate "2019.09.30"]
[SourceVersion "1"]
[SourceVersionDate "2019.09.30"]
[SourceQuality "1"]

1. d4 Nf6 2. c4 g6 3. Nc3 Bg7 4. e4 0-0 5. Be2 d6 6. Bg5 h6 7. Be3 e5 8. d5 a5 9. h4 Na6 10. h5 Nc5 11. hxg6 fxg6 12. Qc2 Bd7 13. 0-0-0 h5 14. Nh3 Ng4 15. Bxg4 Bxg4 16. f3 Bd7 17. Kb1 Bf6 18. g4 hxg4 19. fxg4 Rf7 20. Qd2 Bxg4 21. Rdg1 Bf3 22. Rxg6+ Rg7 23. Rxg7+ Bxg7 24. Rg1 Nxe4 25. Nxe4 Bxe4+ 26. Ka1 Qf6 27. Bg5 Qg6 28. Be7 Qf5 29. Ng5 Re8 30. Bf6 Qxf6 31. Nxe4 Qe7 32. Qxa5 Rf8 33. a3 b6 34. Qe1 Rf5 35. Ka2 Rh5 36. Qf2 Kh8 37. Rg2 Rh6 38. Qf5 Qe8 39. Qg4 Qf8 40. Qd7 Bf6 41. Rf2 Qg7 42. Nxf6 Rxf6 43. Qd8+ 1-0

[Event "BdF-Diamant 05 email"]
[Site "GER email"]
[Date "2014.06.25"]
[Round "?"]
[White "Achatz, Kirstin"]
[Black "Babulova, Mariola"]
[Result "1-0"]
[WhiteElo "2268"]
[BlackElo "2153"]
[PlyCount "123"]
[EventDate "2014.??.??"]
[EventType "tourn (corr)"]
[EventRounds "16"]
[EventCountry "GER"]
[SourceTitle "Corr 2017"]
[Source "ChessBase"]
[SourceDate "2017.09.19"]
[SourceVersion "1"]
[SourceVersionDate "2017.09.19"]
[SourceQuality "1"]

1. d4 Nf6 2. c4 g6 3. Nc3 Bg7 4. e4 0-0 5. Be2 d6 6. Bg5 c5 7. d5 h6 8. Bf4 a6 9. a4 Qa5 10. Bd2 Qc7 11. Nf3 e6 12. Qc1 exd5 13. exd5 Kh7 14. h3 Nbd7 15. 0-0 b6 16. Bd3 Re8 17. Bf4 Nh5 18. Bh2 Bb7 19. Ne4 Ne5 20. Nxe5 dxe5 21. a5 f5 22. axb6 Qxb6 23. Nc3 Nf4 24. Bxf4 exf4 25. Qxf4 Qxb2 26. Na4 Qd4 27. Qf3 Rac8 28. Rfd1 Rc7 29. Rab1 Qe5 30. g4 Rf8 31. gxf5 gxf5 32. Kh1 Kh8 33. Re1 Qd4 34. Rb6 Bc8 35. Rg6 Qh4 36. Nb6 Bb7 37. Bxf5 Rcf7 38. Re4 Qd8 39. Qh5 Rxf5 40. Rxh6+ Kg8 41. Qg6 R8f7 42. Reh4 Qxh4 43. Rxh4 Rxf2 44. Qe4 Rf1+ 45. Kg2 a5 46. Rg4 R1f2+ 47. Kg3 a4 48. Qe8+ Kh7 49. Rh4+ Kg6 50. Qe4+ R7f5 51. Qg4+ Kf6 52. Nd7+ Ke7 53. Rh7 R2f3+ 54. Qxf3 Rxf3+ 55. Kxf3 Kxd7 56. Rxg7+ Kc8 57. h4 a3 58. Ke4 a2 59. Rg1 Ba6 60. h5 Bxc4 61. h6 Bb3 62. Kd3 1-0

[Event "BdF-Diamant 05 email"]
[Site "GER email"]
[Date "2014.06.25"]
[Round "?"]
[White "Babulova, Mariola"]
[Black "Kubikova, Hana"]
[Result "1-0"]
[WhiteElo "2153"]
[BlackElo "2128"]
[PlyCount "117"]
[EventDate "2014.??.??"]
[EventType "tourn (corr)"]
[EventRounds "16"]
[EventCountry "GER"]
[SourceTitle "Corr 2017"]
[Source "ChessBase"]
[SourceDate "2017.09.19"]
[SourceVersion "1"]
[SourceVersionDate "2017.09.19"]
[SourceQuality "1"]

1. e4 c5 2. Nf3 e6 3. d4 cxd4 4. Nxd4 Nc6 5. Nc3 Qc7 6. g3 a6 7. Bg2 Nf6 8. 0-0 Bc5 9. Nb3 Ba7 10. Bf4 Ne5 11. Bxe5 Qxe5 12. Qe2 0-0 13. Rad1 b5 14. a3 Bb7 15. Kh1 Rac8 16. f4 Qb8 17. e5 Rxc3 18. bxc3 Nd5 19. Rd3 Rc8 20. Qd2 Bb6 21. h4 Rc4 22. Kh2 h6 23. Re1 Ba8 24. Kh3 Bb7 25. Bf3 Ba8 26. f5 Bc7 27. Bxd5 Bxd5 28. Rxd5 exd5 29. Qxd5 Qf8 30. Re3 Bb6 31. Rd3 Qc8 32. Qxd7 Qxd7 33. Rxd7 Rxc3 34. Nc1 Rxc2 35. Nd3 Re2 36. Kg4 Kf8 37. Kf4 Rc2 38. Nb4 Rc4+ 39. Kf3 Rc3+ 40. Kg2 Ba5 41. Nd5 Rxa3 42. e6 fxe6 43. fxe6 Rd3 44. Kf2 Rd1 45. h5 Re1 46. Nf4 Re4 47. Kf3 Re1 48. Rf7+ Ke8 49. Rxg7 b4 50. Rg8+ Ke7 51. Ng6+ Kd6 52. e7 Kd7 53. Rb8 Bc7 54. Rxb4 Bd6 55. Rb6 a5 56. Ra6 Bxe7 57. Nxe7 Kxe7 58. Rxh6 Rf1+ 59. Ke4 1-0

[Event "BdF-Diamant 05 email"]
[Site "GER email"]
[Date "2014.06.25"]
[Round "?"]
[White "Babulova, Mariola"]
[Black "Wojcik Wojtkowiak, Bozena"]
[Result "1/2-1/2"]
[WhiteElo "2153"]
[BlackElo "2153"]
[PlyCount "112"]
[EventDate "2014.??.??"]
[EventType "tourn (corr)"]
[EventRounds "16"]
[EventCountry "GER"]
[SourceTitle "Corr 2024"]
[Source "ChessBase"]
[SourceDate "2023.10.19"]
[SourceVersion "1"]
[SourceVersionDate "2023.10.19"]
[SourceQuality "1"]

1. e4 e5 2. Nf3 Nc6 3. Bb5 Nf6 4. 0-0 Nxe4 5. d4 Nd6 6. Bxc6 dxc6 7. dxe5 Nf5 8. Qxd8+ Kxd8 9. Nc3 Ke8 10. h3 Be7 11. Bg5 Bxg5 12. Nxg5 h6 13. Nf3 Be6 14. Rfd1 Rd8 15. b3 c5 16. g4 Ne7 17. Kg2 Ng6 18. Kg3 h5 19. Nb5 Rd7 20. Re1 a6 21. Nc3 Ke7 22. Re3 b6 23. a3 a5 24. Rae1 h4+ 25. Kh2 Rhd8 26. Rb1 Kf8 27. Kg1 Re7 28. b4 cxb4 29. axb4 axb4 30. Rxb4 Bc8 31. g5 Bb7 32. Nxh4 Nxe5 33. Rf4 Kg8 34. Nf5 Ree8 35. Kh2 Rd2 36. Kg3 Rxc2 37. Rh4 Rc1 38. Ne2 Re1 39. Ra4 Kf8 40. Ra7 Bc8 41. Ned4 Rg1+ 42. Kh2 Rxg5 43. f4 Rh5 44. fxe5 Bxf5 45. Rxc7 Re7 46. Rxe7 Kxe7 47. Nxf5+ Rxf5 48. Rb3 Rxe5 49. Rxb6 g5 50. Kg3 Re4 51. Kf3 Rf4+ 52. Kg3 Rd4 53. Ra6 f6 54. Rb6 Rd3+ 55. Kg4 Kf7 56. Rb7+ Kg6 1/2-1/2

[Event "BdF-Smaragd 04 email"]
[Site "GER email"]
[Date "2013.08.31"]
[Round "?"]
[White "Kubikova, Hana"]
[Black "Babulova, Mariola"]
[Result "0-1"]
[WhiteElo "2115"]
[BlackElo "2150"]
[PlyCount "134"]
[EventDate "2013.??.??"]
[EventType "tourn (corr)"]
[EventRounds "16"]
[EventCountry "GER"]
[SourceTitle "Corr 2024"]
[Source "ChessBase"]
[SourceDate "2023.10.19"]
[SourceVersion "1"]
[SourceVersionDate "2023.10.19"]
[SourceQuality "1"]

1. e4 c5 2. Nf3 e6 3. d4 cxd4 4. Nxd4 a6 5. Bd3 Nf6 6. 0-0 Qc7 7. Qe2 d6 8. c4 g6 9. Nc3 Bg7 10. Nf3 Nbd7 11. Rd1 0-0 12. Bf4 Nh5 13. Bg5 Bxc3 14. bxc3 e5 15. Nh4 Nc5 16. Bc2 f6 17. Bh6 Ng7 18. g3 Bd7 19. a4 Bc6 20. a5 Rf7 21. f3 Rb8 22. Be3 Nge6 23. Qd2 Rd7 24. Rdb1 b6 25. axb6 Rxb6 26. Rxb6 Qxb6 27. Ng2 a5 28. Ne1 Qa6 29. Nd3 Nxd3 30. Bxd3 Nc5 31. Be2 a4 32. Kg2 Qc8 33. Ra2 Kf7 34. Bd1 Nb3 35. Qd3 Rb7 36. Ra3 Qe6 37. Bc2 h5 38. Bf2 g5 39. Kg1 Kg7 40. Be3 g4 41. Bd1 Nc5 42. Bxc5 dxc5 43. fxg4 hxg4 44. Ra2 Ra7 45. Ra3 Qd7 46. Qe2 Kh7 47. Kf1 Qb7 48. Kf2 Qb1 49. Qc2 Qxc2+ 50. Bxc2 Kh6 51. Ke3 Kg5 52. Bd3 Ra8 53. Ra2 Rh8 54. Bb1 Bd7 55. Bd3 Be6 56. Rxa4 Rxh2 57. Bf1 Rc2 58. Ra3 Bf7 59. Be2 Bg6 60. Bf1 Rc1 61. Be2 Rg1 62. Kf2 Rh1 63. Ra7 Rh2+ 64. Kf1 Bxe4 65. Rg7+ Bg6 66. Bxg4 Kxg4 67. Rxg6+ Kf5 0-1